Statystyki dla Losowe, sekwencyjne kraje europejskie na mapie

Kliknij tutaj aby rozwiązać quiz!

Ogólne statystyki

  • Ten quiz został rozwiązany 28 razy
  • Średni wynik to 40 z 45

Odpowiedzi na mapie

Odpowiedzi skodowane kolorowo w zielono-czerwonej skali na mapie do tego quizu, zgodnie z poniższymi procentami.
 

Statystyki odpowiedzi

Kraje% Poprawnych
Finlandia
96%
Austria
92%
Estonia
92%
Francja
92%
Holandia
92%
Kosowo
92%
Łotwa
92%
Luksemburg
92%
Macedonia Północna
92%
Monako
92%
Niemcy
92%
Norwegia
92%
Rosja
92%
Rumunia
92%
Słowenia
92%
Szwajcaria
92%
Szwecja
92%
Watykan
92%
Wielka Brytania
92%
Włochy
92%
Albania
88%
Belgia
88%
Białoruś
88%
Bośnia i Hercegowina
88%
Czechy
88%
Dania
88%
Grecja
88%
Irlandia
88%
Islandia
88%
Litwa
88%
Malta
88%
Polska
88%
Portugalia
88%
Serbia
88%
Ukraina
88%
Węgry
88%
Andora
84%
Czarnogóra
84%
Liechtenstein
84%
Mołdawia
84%
Bułgaria
80%
Chorwacja
80%
San Marino
80%
Słowacja
80%
Hiszpania
76%

Rozkład punktacji

Percentyl według liczby udzielonych odpowiedzi

Procent ludzi z każdym wynikiem

Twoja historia wyników

Nie rozwiązałeś tego quizu